00506nam a22001817a 450000500170000001000130001702000100003003500130004003700160005304000120006908200160008124500540009726000470015127000600019830000200025865000300027870000160030820170124105915.0 aA-257615 c95.00 aA-257615 bCen Lib/Ret aDPLbEN a443.8 bDIC aDictionary urdu-english /ccompiled by S. Sangaji aNew DelhibAsian Education Services c1983 bNew DelhiaC-2/15, Safdarjung Development Area e110016 a938p.c20cm(Hb) aUrdu-EnglishvDictionary  aSangaji, S.